[Event "Visakhapatnam Vizag op"]
[Site "Visakhapatnam"]
[Date "2022.06.10"]
[Round "1"]
[White "Baidya, Kaushik"]
[Black "Stupak, Kirill"]
[Result "0-1"]
[WhiteElo "1702"]
[BlackElo "2453"]
[PlyCount "88"]
[EventDate "2022.06.10"]
[EventType "swiss"]
[EventRounds "10"]
[EventCountry "IND"]
[SourceTitle "CBM 208 Extra"]
[Source "ChessBase"]
[SourceDate "2022.07.31"]
[SourceVersion "1"]
[SourceVersionDate "2022.07.31"]
[SourceQuality "1"]

1. e4 c6 2. d4 d5 3. exd5 cxd5 4. Bd3 Nc6 5. c3 Nf6 6. Bg5 Bg4 7. Nf3 e6 8. Nbd2 Bd6 9. h3 Bh5 10. 0-0 Qc7 11. Qc2 Nd7 12. a3 h6 13. Be3 Ne7 14. c4 dxc4 15. Qxc4 0-0 16. Qxc7 Bxc7 17. Rac1 Rac8 18. Rc2 Bb8 19. Rfc1 Rcd8 20. g4 Bg6 21. Bxg6 Nxg6 22. Nc4 Nf4 23. h4 b6 24. Nce5 Nxe5 25. Nxe5 Bxe5 26. dxe5 Nd3 27. Rd1 Nxe5 28. Rxd8 Rxd8 29. Rc7 Nxg4 30. Rxa7 Rd1+ 31. Kg2 Nxe3+ 32. fxe3 Rd2+ 33. Kf3 Rxb2 34. a4 Rb4 35. Kg3 Re4 36. Ra6 Rxe3+ 37. Kf4 Rb3 38. a5 bxa5 39. Rxa5 g6 40. Ke5 Rb4 41. Kf6 Rf4+ 42. Ke7 Rxh4 43. Ra8+ Kg7 44. Rf8 Rf4 0-1